Tour of Flanders winners - Statistics

General Stats
  • This quiz has been taken 196 times
  • The average score is 31 of 104
Answer Stats
Year Nationality Team Winner % Correct
2020 Netherlands Alpecin–Fenix Mathieu van der Poel
98%
2012 Belgium Omega Pharma–Quick-Step Tom Boonen
95%
2006 Belgium Quick-Step–Innergetic Tom Boonen
95%
2005 Belgium Quick-Step–Innergetic Tom Boonen
95%
1986 Netherlands Kwantum–Decosol–Yoko Adri van der Poel
94%
2014 Switzerland Trek Factory Racing Fabian Cancellara
94%
2013 Switzerland RadioShack–Leopard Fabian Cancellara
94%
2010 Switzerland Team Saxo Bank Fabian Cancellara
94%
2016 Slovakia Tinkoff Peter Sagan
94%
2017 Belgium Quick-Step Floors Philippe Gilbert
91%
2015 Norway Team Katusha Alexander Kristoff
86%
2018 Netherlands Quick-Step Floors Niki Terpstra
84%
2019 Italy EF Education First Alberto Bettiol
83%
1975 Belgium Molteni–RYC Eddy Merckx
83%
1969 Belgium Faema Eddy Merckx
83%
1998 Belgium Mapei–Bricobi Johan Museeuw
62%
1995 Belgium Mapei–GB–Latexco Johan Museeuw
62%
1993 Belgium GB–MG Maglificio Johan Museeuw
62%
1977 Belgium Brooklyn Roger De Vlaeminck
62%
1974 Netherlands Gan–Mercier–Hutchinson Cees Bal
55%
2011 Belgium Saxo Bank–SunGard Nick Nuyens
54%
2009 Belgium Quick-Step Stijn Devolder
53%
2008 Belgium Quick-Step Stijn Devolder
53%
2003 Belgium Lotto–Domo Peter van Petegem
52%
1999 Belgium TVM–Farm Frites Peter van Petegem
52%
2007 Italy Lampre–Fondital Alessandro Ballan
50%
2002 Italy Mapei–Quick-Step Andrea Tafi
42%
1983 Netherlands TI–Raleigh–Campagnolo Jan Raas
39%
1979 Netherlands TI–Raleigh–McGregor Jan Raas
39%
1988 Belgium AD Renting–Mini-Flat–Enerday Eddy Planckaert
37%
1997 Denmark Rabobank Rolf Sørensen
37%
1976 Belgium Maes Pils–Rokado Walter Planckaert
37%
1962 Belgium Flandria–Faema–Clément Rik Van Looy
36%
1959 Belgium Faema–Guerra Rik Van Looy
36%
2004 Germany T-Mobile Team Steffen Wesemann
35%
2000 Belgium Lotto–Adecco Andrei Tchmil
34%
1996 Italy MG Maglificio–Technogym Michele Bartoli
29%
1981 Netherlands DAF Trucks–Côte d'Or Hennie Kuiper
28%
1946 Belgium Mercier–Hutchinson Rik Van Steenbergen
27%
1944 Belgium Mercier–Hutchinson Rik Van Steenbergen
27%
1961 Great Britain Rapha–Gitane–Dunlop Tom Simpson
27%
1991 Belgium Buckler–Colnago–Decca Edwig van Hooydonck
26%
1989 Belgium Superconfex–Yoko–Opel–Colnago Edwig van Hooydonck
26%
1994 Italy Team Polti–Vaporetto Gianni Bugno
24%
1985 Belgium Panasonic–Raleigh Eric Vanderaerden
22%
1990 Italy Ariostea Moreno Argentin
21%
1948 Belgium Alcyon–Dunlop Briek Schotte
20%
1942 Belgium Mercier–Hutchinson Briek Schotte
20%
1951 Italy Ganna–Ursus Fiorenzo Magni
20%
1950 Italy Wilier Triestina Fiorenzo Magni
20%
1949 Italy Wilier Triestina Fiorenzo Magni
20%
1978 Belgium IJsboerke–Gios Walter Godefroot
20%
1968 Belgium Flandria–De Clerck Walter Godefroot
20%
1973 Belgium Peugeot–BP–Michelin Eric Leman
19%
1972 Belgium Bic Eric Leman
19%
1970 Belgium Flandria–Mars Eric Leman
19%
1955 France Mercier–BP–Hutchinson Louison Bobet
19%
2001 Italy Tacconi Sport–Vini Caldirola Gianluca Bortolami
18%
1992 France Castorama Jacky Durand
18%
1943 Belgium Dilecta Achiel Buysse
15%
1941 Belgium Dilecta Achiel Buysse
15%
1940 Belgium Dilecta Achiel Buysse
15%
1987 Belgium Hitachi–Marc Claude Criquielion
15%
1914 Belgium Alcyon–Soly Marcel Buysse
15%
1965 Netherlands Televizier Jo De Roo
13%
1964 Germany Saint-Raphaël–Gitane–Dunlop Rudi Altig
13%
1982 Belgium DAF Trucks–TeVe Blad René Martens
12%
1980 Belgium Splendor Michel Pollentier
11%
1957 Belgium Carpano–Coppi Fred De Bruyne
9%
1953 Netherlands Garin–Wolber Wim van Est
9%
1913 Belgium Automoto–Continental Paul Deman
8%
1954 Belgium Mercier–Hutchinson Raymond Impanis
7%
1923 Switzerland Gurtner Heiri Suter
6%
1928 Belgium Thomann Jan Mertens
6%
1956 France Follis–Dunlop Jean Forestier
5%
1963 Belgium Flandria–Faema Noel Foré
5%
1932 Belgium Dilecta Romain Gijssels
5%
1931 Belgium Dilecta–Wolber Romain Gijssels
5%
1960 Belgium Groene Leeuw–Sinalco–SAS Arthur De Cabooter
4%
1938 Belgium Dilecta–Wolber Edgard de Caluwé
4%
1971 Netherlands Flandria–Mars Evert Dolman
4%
1919 Belgium Henri Vanlerberghe
4%
1984 Netherlands Panasonic–Raleigh Johan Lammerts
4%
1920 Belgium Jules Van Hevel
4%
1939 Belgium Alcyon–Dunlop Karel Kaers
4%
1952 Belgium Bertin Roger Decock
4%
1967 Italy Salvarani Dino Zandegù
3%
1966 Belgium Solo–Superia Edward Sels
3%
1958 Belgium Carpano Germain Derijcke
3%
1925 Belgium Armor Julien Delbecque
3%
1922 Belgium Léon Devos
3%
1947 Belgium Dilecta Emiel Faignaert
2%
1927 Belgium J.B. Louvet Gerard Debaets
2%
1924 Belgium Labor Gerard Debaets
2%
1929 Belgium Génial Lucifer–Hutchinson Jef Dervaes
2%
1936 Belgium De Dion Louis Hardiquest
2%
1933 Belgium La Française Alfons Schepers
1%
1926 Belgium Wonder Denis Verschueren
1%
1930 Belgium Dilecta–Wolber Frans Bonduel
1%
1934 Belgium Alcyon–Dunlop Gaston Rebry
1%
1935 Belgium Génial Lucifer Louis Duerloo
1%
1937 Belgium Van Hauwaert Michel D'Hooghe
1%
1921 Belgium René Vermandel
1%
1945 Belgium Sylvain Grysolle
1%
No matching quizzes found
Score Distribution
Percent of People with Each Score
Percentile by Number Answered
Your Score History
You have not taken this quiz